| 000 | 01960nam a22003137a 4500 | ||
|---|---|---|---|
| 005 | 20110524110415.0 | ||
| 010 | _aENG-102501 B-447065-069 | ||
| 020 |
_a9788184502466 _c480.00 |
||
| 035 | _aEN-86034 B-447065-069 | ||
| 037 | _bDBAD / PUB | ||
| 037 | _bBlue Berry/ Ven | ||
| 082 | _a305.420954 | ||
| 100 |
_aNelasco, Shobana _943438 |
||
| 245 |
_aStatus of women in India / _cby Shobana Nelasco |
||
| 260 |
_aNew Delhi _bDeep & Deep Publications _c2010 |
||
| 270 |
_aF-159, Rajouri Garden _bNew Delhi _e110027 _k25435369,25440916 |
||
| 300 |
_axii, 129 p. _c22cm (Hb) |
||
| 500 | _aIncludes bibliographical references and index | ||
| 700 | _927415 | ||
| 700 | _928228 | ||
| 942 |
_adpl _cEN _2ddc _mNEL _h305.420954 |
||
| 999 |
_c52547 _d52547 |
||